000 00593nam a2200193Ia 4500
003 GCL
008 140319s9999 xx 000 0 ara d
040 _aGCL /
_cGCL
082 0 4 _a418.2441
_bب ط
100 1 _aباسمة اليعقوبى
245 1 0 _aالطريقة الحديثة لتعلم اللغة العربية /
_cباسمة اليعقوبى
260 _a[S.N] :
_bدار الكتاب اللبنانى ،
_c1987
300 _a112 ص
490 _a
650 0 4 _aاللغة الفرنسية
650 0 4 _aاللغة العربية
650 0 4 _aتعليم
942 _2ddc
_cBK
999 _c55436
_d55436